[Event "Rottach Egern Seniors Cup 13th"]
[Site "Rottach Egern"]
[Date "2025.04.01"]
[Round "4"]
[White "Mitschka, Manfred"]
[Black "Moritz, Hartmut"]
[Result "0-1"]
[WhiteElo "1898"]
[BlackElo "2001"]
[PlyCount "68"]
[EventDate "2025.03.29"]
[EventType "swiss"]
[EventRounds "9"]
[EventCountry "GER"]
[SourceTitle "CB16_2025"]
[SourceDate "2025.04.16"]
[SourceVersion "1"]
[SourceVersionDate "2025.04.16"]
[SourceQuality "1"]

1. d4 e6 2. Nf3 d5 3. c4 Nf6 4. g3 c6 5. Qc2 dxc4 6. Bg2 Bb4+ 7. Bd2 Qe7 8. 0-0 Nbd7 9. Qxc4 Bd6 10. Nc3 0-0 11. e4 e5 12. Rfe1 Nb6 13. Qe2 Bg4 14. Qd3 Rad8 15. d5 cxd5 16. exd5 Nfd7 17. Ng5 g6 18. Rac1 Nc5 19. Qf1 f6 20. Nge4 Nxe4 21. Bxe4 f5 22. Bg2 Bc5 23. Be3 Bxe3 24. Rxe3 e4 25. f3 Qc5 26. Qe1 exf3 27. Ne4 Qd4 28. Rd1 f2+ 29. Nxf2 Bxd1 30. Nxd1 Nc4 31. b3 Nxe3 32. Nxe3 Rde8 33. Kf2 f4 34. gxf4 Qxf4+ 0-1

[Event "Rottach Egern Seniors Cup 13th"]
[Site "Rottach Egern"]
[Date "2025.03.31"]
[Round "3"]
[White "Thonig, Manfred"]
[Black "Mitschka, Manfred"]
[Result "0-1"]
[WhiteElo "1642"]
[BlackElo "1898"]
[PlyCount "62"]
[EventDate "2025.03.29"]
[EventType "swiss"]
[EventRounds "9"]
[EventCountry "GER"]
[SourceTitle "CB16_2025"]
[SourceDate "2025.04.16"]
[SourceVersion "1"]
[SourceVersionDate "2025.04.16"]
[SourceQuality "1"]

1. f4 d5 2. Nf3 Nf6 3. e3 g6 4. Be2 Bg7 5. 0-0 b6 6. d4 Nbd7 7. b3 Ng4 8. Ng5 Nh6 9. c4 e6 10. Bf3 Nf6 11. Ba3 Nf5 12. Qe1 h6 13. Nh3 Bb7 14. Nc3 Ne4 15. Rd1 Bf8 16. Bb2 Qe7 17. g4 Ng7 18. Nb5 a6 19. Ba3 Qd7 20. Bxf8 Kxf8 21. Qb4+ c5 22. dxc5 bxc5 23. Qe1 axb5 24. Bxe4 bxc4 25. bxc4 Rxa2 26. Qc3 e5 27. f5 d4 28. Bxb7 Qxb7 29. Nf4 exf4 30. Rf2 Rxf2 31. Kxf2 fxe3+ 0-1

[Event "Rottach Egern Seniors Cup 13th"]
[Site "Rottach Egern"]
[Date "2025.03.30"]
[Round "2"]
[White "Mitschka, Manfred"]
[Black "Wagner, Richard1"]
[Result "1-0"]
[WhiteElo "1898"]
[BlackElo "1792"]
[PlyCount "153"]
[EventDate "2025.03.29"]
[EventType "swiss"]
[EventRounds "9"]
[EventCountry "GER"]
[SourceTitle "CB16_2025"]
[SourceDate "2025.04.16"]
[SourceVersion "1"]
[SourceVersionDate "2025.04.16"]
[SourceQuality "1"]

1. d4 Nf6 2. Nf3 d5 3. c4 e6 4. Nc3 Bb4 5. Qb3 Nc6 6. Bg5 h6 7. Bh4 g5 8. Bg3 Ne4 9. e3 Nxg3 10. hxg3 b6 11. a3 Be7 12. cxd5 Na5 13. Qa2 exd5 14. b4 Nb7 15. Rd1 c6 16. Ne5 Bd7 17. e4 Bf6 18. exd5 Bxe5 19. dxe5 Qe7 20. Qe2 0-0-0 21. Qe3 cxd5 22. Nxd5 Qe6 23. Rc1+ Kb8 24. Nc7 Qe7 25. Be2 Rc8 26. Na6+ Ka8 27. Rxc8+ Bxc8 28. Qc3 Be6 29. Nc7+ Kb8 30. Nxe6 Qxe6 31. Qb2 Rc8 32. f4 gxf4 33. gxf4 Qf5 34. g3 Rc2 35. Qd4 Rc1+ 36. Bd1 Qe6 37. Qd3 Qc6 38. Rh2 Rc3 39. Rxh6 Rxd3 40. Rxc6 Rxg3 41. a4 Nd8 42. Rf6 Kc7 43. b5 Kd7 44. Kf2 Rc3 45. Bf3 Ke7 46. Rd6 Rc4 47. f5 Rc5 48. f6+ Ke8 49. Bc6+ Nxc6 50. bxc6 Rc4 51. Ke3 Rc5 52. Kd4 Rc1 53. Ke4 Rc4+ 54. Kd3 Rc5 55. Kd4 Rc1 56. Ke4 Rc4+ 57. Kd3 Rc5 58. Rd7 a5 59. Rd6 Rc1 60. c7 Rxc7 61. Rxb6 Ra7 62. Kc4 Kd7 63. Kd5 Kc7 64. Rc6+ Kd7 65. Rd6+ Ke8 66. Kc6 Ra6+ 67. Kc7 Ra7+ 68. Kb6 Ra8 69. Kb7 Rd8 70. Rxd8+ Kxd8 71. Kc6 Kc8 72. Kb6 Kd7 73. Kxa5 Ke6 74. Kb6 Kxe5 75. a5 Kxf6 76. a6 Ke7 77. a7 1-0

[Event "Rottach Egern Seniors Cup 12th"]
[Site "Rottach Egern"]
[Date "2024.04.10"]
[Round "5"]
[White "Mitschka, Manfred"]
[Black "Walter, Rainer"]
[Result "0-1"]
[WhiteElo "1857"]
[BlackElo "1981"]
[PlyCount "50"]
[EventDate "2024.04.06"]
[EventType "swiss"]
[EventRounds "9"]
[EventCountry "GER"]
[SourceTitle "CBM 219 Extra"]
[Source "ChessBase"]
[SourceDate "2024.05.31"]
[SourceVersion "1"]
[SourceVersionDate "2024.05.31"]
[SourceQuality "1"]

1. d4 d5 2. Nf3 Nf6 3. e3 Bf5 4. Bd3 Bxd3 5. Qxd3 Nbd7 6. b3 e6 7. Bb2 Be7 8. 0-0 Rc8 9. Nbd2 0-0 10. Rfd1 c5 11. c4 cxd4 12. Nxd4 Nc5 13. Qb1 Nfe4 14. cxd5 Qxd5 15. Nxe4 Qxe4 16. Ba3 Qh4 17. Nf3 Qf6 18. Bb2 Qh6 19. Ba3 Bf6 20. Bb2 Bxb2 21. Qxb2 Qg6 22. Rac1 Nd3 23. Ne5 Nxb2 24. Nxg6 hxg6 25. Rb1 Nxd1 0-1

[Event "Rottach Egern Seniors Cup 12th"]
[Site "Rottach Egern"]
[Date "2024.04.09"]
[Round "4"]
[White "Giacchino, Claudio"]
[Black "Mitschka, Manfred"]
[Result "0-1"]
[WhiteElo "1695"]
[BlackElo "1857"]
[PlyCount "84"]
[EventDate "2024.04.06"]
[EventType "swiss"]
[EventRounds "9"]
[EventCountry "GER"]
[SourceTitle "CBM 219 Extra"]
[Source "ChessBase"]
[SourceDate "2024.05.31"]
[SourceVersion "1"]
[SourceVersionDate "2024.05.31"]
[SourceQuality "1"]

1. e4 e6 2. d4 d5 3. exd5 exd5 4. c4 Nf6 5. Nc3 Be6 6. cxd5 Nxd5 7. Nf3 h6 8. Be2 Bd6 9. 0-0 c6 10. Nxd5 Bxd5 11. Be3 Qc7 12. h3 Nd7 13. b3 Nf6 14. Bc4 0-0 15. Rc1 Rae8 16. Re1 Qb8 17. Bd2 Rxe1+ 18. Bxe1 Re8 19. Rc2 Bxf3 20. gxf3 Nd5 21. Bxd5 cxd5 22. Bd2 Rc8 23. Qc1 Rxc2 24. Qxc2 Qc7 25. Qxc7 Bxc7 26. f4 f5 27. Kg2 Kf7 28. Kg3 Ke6 29. h4 h5 30. b4 Bd6 31. Kf3 Kd7 32. Be1 Be7 33. Kg3 a5 34. bxa5 Kc6 35. f3 Kb5 36. Kg2 Kc4 37. Bf2 Bb4 38. Kf1 Bxa5 39. Ke2 Bc3 40. a4 b6 41. Be3 Kb3 42. Kd3 Bb4 0-1

[Event "San Bernardino Spring op"]
[Site "San Bernardino"]
[Date "2021.05.08"]
[Round "3"]
[White "Mitschka, Manfred"]
[Black "Moingt, Anne"]
[Result "0-1"]
[WhiteElo "1691"]
[BlackElo "2061"]
[PlyCount "90"]
[EventDate "2021.05.07"]
[EventType "swiss"]
[EventRounds "5"]
[EventCountry "SUI"]
[SourceTitle "EXT 2022"]
[Source "ChessBase"]
[SourceDate "2021.10.06"]
[SourceVersion "1"]
[SourceVersionDate "2021.10.06"]
[SourceQuality "1"]

1. d4 Nf6 2. Nf3 e6 3. c4 Bb4+ 4. Nc3 c5 5. e3 0-0 6. a3 Bxc3+ 7. bxc3 d6 8. Bd3 Nc6 9. e4 e5 10. d5 Na5 11. 0-0 h6 12. h3 b6 13. Be3 Ba6 14. Nd2 Qe7 15. f4 exf4 16. Bxf4 Nd7 17. Rc1 Ne5 18. Bxe5 dxe5 19. Qg4 Qg5 20. Qe2 Nb7 21. Rf5 Qe7 22. Rf2 Nd6 23. Rcf1 Rfe8 24. g4 Qd7 25. Rb1 Rab8 26. Rff1 Qa4 27. Kg2 b5 28. cxb5 Bxb5 29. c4 Ba6 30. Rbc1 Rb2 31. Rb1 Reb8 32. Rxb2 Rxb2 33. Rb1 Qxa3 34. Rxb2 Qxb2 35. Kf3 Bb7 36. Nb1 Qxe2+ 37. Kxe2 Kf8 38. Nc3 Ba6 39. Nb5 Bxb5 40. cxb5 c4 41. Bc2 Nxb5 42. Ba4 Nc3+ 43. Kd2 Nxa4 44. Kc2 Ke7 45. Kb1 Nc3+ 0-1